[Event "XXX Zalakaros Open"]
[Site "Zalakaros HUN"]
[Date "2011.05.23"]
[Round "4"]
[White "Berczes,D"]
[Black "Tesik,C"]
[Result "1-0"]
[WhiteElo "2531"]
[BlackElo "2299"]

1.d4 Nf6 2.c4 e6 3.Nf3 b6 4.g3 Ba6 5.Nbd2 Bb4 6.a3 Bxd2+ 7.Nxd2 Bb7 8.Nf3 Bxf3
9.exf3 O-O 10.b4 d5 11.c5 c6 12.Bd3 Nbd7 13.O-O bxc5 14.bxc5 e5 15.Be3 Re8
16.Qc2 Rb8 17.Qc3 h6 18.Rfb1 Qc7 19.Rb4 Nh7 20.f4 e4 21.Be2 f5 22.Rab1 Nhf6
23.h3 h5 24.Qd2 g6 25.Ba6 Rxb4 26.axb4 h4 27.Be2 hxg3 28.fxg3 Kf7 29.Qa2 Rb8
30.Kg2 Nh5 31.b5 cxb5 32.Qxd5+ Kg7 33.Rxb5 Rxb5 34.Bxb5 Ndf6 35.Qa2 Nxg3
36.Kxg3 Nh5+ 37.Kf2 Nxf4 38.d5 Nxh3+ 39.Kg2 f4 40.Bd4+ Kh6 41.Kxh3  1-0

[Event "Zonal 3.3"]
[Site "Tagaytay City PHI"]
[Date "2011.05.24"]
[Round "1"]
[White "Datu,A"]
[Black "Barus,C"]
[Result "1/2-1/2"]
[WhiteElo "2218"]
[BlackElo "2443"]

1.d4 Nf6 2.c4 e6 3.Nf3 b6 4.g3 Ba6 5.Qa4 c5 6.Bg2 Bb7 7.dxc5 Bxc5 8.Nc3 O-O
9.O-O Na6 10.Bf4 Be7 11.Rfd1 Qc7 12.Rac1 Nc5 13.Qc2 Nce4 14.Nxe4 Bxe4 15.Qd2 Qb7
16.Bd6 Bxd6 17.Qxd6 Rac8 18.Rd4 Rfe8 19.b3 h6 20.Rcd1 Rc5 21.Ne1 Bxg2 22.Nxg2 Rc6
23.Qe5 d5 24.Ne3 dxc4 25.Rxc4 Rxc4 26.Nxc4 Qe7 27.Qd6 Qb7 28.Qe5 Qa8 29.a4 Rc8
30.Rd6 Rc5 31.Qd4 Rd5 32.Rxd5 Nxd5 33.e4 Nf6 34.f3 Qc8 35.Kf2 Nd7 36.b4 Qc6
37.b5 Qc7 38.Kg2 Nc5 39.Nd6 f6 40.e5 fxe5 41.Qxe5 Qd7 42.a5 Kh7 43.h4 Qd8
44.a6 Qe7 45.h5 Qd7 46.Kh3 Kg8 47.Kg2 Kf8 48.g4 Kg8 49.Kg3 Nd3 50.Qd4 Nc5
51.Qe5 Nd3 52.Qd4 Nc5 53.Qe5 Nd3  1/2-1/2

[Event "XXX Zalakaros Open"]
[Site "Zalakaros HUN"]
[Date "2011.05.26"]
[Round "7"]
[White "Rapport,R"]
[Black "Sax,G"]
[Result "1/2-1/2"]
[WhiteElo "2552"]
[BlackElo "2513"]

1.d4 Nf6 2.c4 e6 3.Nf3 b6 4.g3 Ba6 5.Nbd2 Bb4 6.Qc2 Bb7 7.Bg2 c5 8.dxc5 Bxc5
9.b3 d5 10.O-O Nbd7 11.Bb2 Rc8 12.Ne5 Nxe5 13.Bxe5 Bd6 14.Bc3 Qe7 15.Rad1 O-O
16.Bxf6 Qxf6 17.Qd3 Bb4 18.cxd5 exd5 19.Bxd5 Bxd5 20.Qxd5 Qb2 21.Ne4 Qxe2
22.Qf5 h6 23.Rd4 Bc3 24.Rd7 Qxa2 25.Qf3 Be5 26.Rfd1 a5 27.Rb7 a4  1/2-1/2

[Event "Zonal 3.3"]
[Site "Tagaytay City PHI"]
[Date "2011.05.27"]
[Round "6"]
[White "Barus,C"]
[Black "Bao Khoa"]
[Result "1/2-1/2"]
[WhiteElo "2443"]
[BlackElo "2256"]

1.d4 Nf6 2.c4 e6 3.Nf3 b6 4.g3 Ba6 5.b3 Bb4+ 6.Bd2 Qe7 7.Bg2 Ne4 8.Bxb4 Qxb4+
9.Nfd2 Nxd2 10.Qxd2 Qxd2+ 11.Nxd2 c6 12.O-O Ke7 13.Rfc1 d6 14.a4 Bb7 15.a5 Na6
16.Ra4 Rhb8 17.e3 Kd7 18.Ne4 f5 19.Nc3 g6 20.Rd1 Ke7 21.Bf1 Nc7 22.Rda1 b5
23.cxb5 cxb5 24.Nxb5 Nxb5 25.Bxb5 Bf3 26.Bc4 d5 27.Bf1 Rxb3 28.Rc1 Kd7 29.Raa1 Rc8
30.Bg2 Be2 31.Bf1 Bc4 32.h4 Rc6 33.Kg2 Kd6 34.Kf3 e5 35.dxe5+ Kxe5 36.Kg2 Rb5
37.Kf3 h6 38.Rd1 Rcc5 39.a6 Ra5 40.g4 Rxa1 41.Rxa1 Bxf1 42.Rxf1 Ra5 43.gxf5 Kxf5
44.Rb1 Rxa6 45.Rb7 Ra4 46.Rf7+ Ke6 47.Rg7 Kf6 48.Rd7 Ke5 49.Rg7 Ra6 50.Kg3 Kf6
51.Rd7 Ke6 52.Rg7 Ke5 53.Kg2  1/2-1/2

[Event "TCh-FRA Top 12 2011"]
[Site "Mulhouse FRA"]
[Date "2011.05.30"]
[Round "5"]
[White "Tregubov,P"]
[Black "Pira,D"]
[Result "1-0"]
[WhiteElo "2607"]
[BlackElo "2403"]

1.d4 Nf6 2.c4 e6 3.Nf3 b6 4.g3 Ba6 5.Qa4 Bb7 6.Bg2 c5 7.dxc5 Bxc5 8.O-O O-O
9.Nc3 Be7 10.Rd1 Na6 11.Bf4 Nc5 12.Qc2 Nce4 13.Ne5 Nxc3 14.Bxb7 Nxd1 15.Rxd1 Rc8
16.Bxc8 Qxc8 17.Qa4 Qc5 18.Nxd7 Qh5 19.Nxf8 Ng4 20.h4 Qc5 21.e3 Bxf8 22.Qb5 Qc8
23.Bd6 g6 24.Bxf8 Qxf8 25.Qg5  1-0

[Event "TCh-FRA Top 12 2011"]
[Site "Mulhouse FRA"]
[Date "2011.06.04"]
[Round "10"]
[White "Tregubov,P"]
[Black "Iordachescu,V"]
[Result "1/2-1/2"]
[WhiteElo "2607"]
[BlackElo "2640"]

1.d4 Nf6 2.c4 e6 3.Nf3 b6 4.g3 Ba6 5.Qb3 Nc6 6.Nbd2 d5 7.Bg2 Bd6 8.O-O O-O
9.Qc2 Nb4 10.Qd1 c5 11.a3 Nc6 12.Qa4 Bb7 13.cxd5 exd5 14.dxc5 bxc5 15.e4 Re8
16.exd5 Nxd5 17.Nc4 Nb6 18.Qc2 Nd4 19.Nxd4 Bxg2 20.Kxg2 cxd4 21.Nxb6 Qxb6
22.Qd3 a5 23.Rb1 Rab8 24.Bd2 a4 25.Rfc1 Bf8 26.Kg1 Red8 27.Bg5 Rd5 28.Bf4 Ra8
29.Rc2 g5 30.Bd2 Qg6 31.Qxg6+ hxg6 32.Rd1 g4 33.Rc4 Bg7 34.Bb4 Re8 35.Rc5 Rxc5
36.Bxc5 Rc8 37.Bb4 Rc2 38.Re1 Bf6 39.Be7 Bxe7 40.Rxe7 d3 41.Rd7 d2 42.Kg2 Rxb2
43.h3 gxh3+ 44.Kxh3 Kg7 45.Kg4 Kf6 46.f4 Ra2 47.Rd6+ Ke7 48.Rd4 Ke6 49.Kh4 f6
50.Kg4 f5+ 51.Kh4 Kf6 52.Rd6+ Kg7 53.g4 Kf7 54.gxf5 gxf5 55.Rd7+ Ke6 56.Rd4 Rxa3
57.Rxd2 Re3 58.Rd8 Rf3 59.Rd4 a3 60.Ra4 Re3 61.Ra6+ Kd5  1/2-1/2

[Event "FSGM June"]
[Site "Budapest HUN"]
[Date "2011.06.05"]
[Round "2"]
[White "Berczes,D"]
[Black "Contin,D"]
[Result "1-0"]
[WhiteElo "2531"]
[BlackElo "2310"]

1.d4 Nf6 2.c4 e6 3.Nf3 b6 4.g3 Ba6 5.Qc2 c6 6.e4 d5 7.cxd5 Bxf1 8.Kxf1 cxd5
9.e5 Ng8 10.Kg2 Qd7 11.Nc3 Nc6 12.Qd3 Rc8 13.h4 h5 14.Bd2 Nge7 15.Rac1 Nf5
16.Ne2 Be7 17.Ng5 Qb7 18.f3 Bxg5 19.hxg5 Kd7 20.Rh3 g6 21.Rch1 Nb8 22.g4 Ng7
23.Nf4 Qc6 24.Bc3 b5 25.a3 a5 26.Qd2 b4 27.axb4 axb4 28.Bxb4 Qc2 29.Kg3 Qxd2
30.Bxd2 Rc2 31.Bc3 Nc6 32.R3h2 Rxh2 33.Rxh2 Kc7 34.Rh1 Kb6 35.Kf2 Kb5 36.Ke2 Kc4
37.Ke3 Na7 38.Rc1 Kb3 39.Nd3 hxg4 40.Nc5+ Kc4 41.fxg4 Rh3+ 42.Kf2 Nc6 43.Kg2 Rh7
44.b3+ Kb5 45.Nd7 Ne8 46.Be1 Nxd4 47.Rc8 f5 48.gxf6 Rxd7 49.Rxe8 Ne2 50.Re7 Nf4+
51.Kg3 Ne2+ 52.Kf2  1-0

[Event "Chess.com GM Challenge"]
[Site "Tonto Village USA"]
[Date "2011.06.05"]
[Round "4"]
[White "Atalik,S"]
[Black "Pruess,D"]
[Result "1/2-1/2"]
[WhiteElo "2616"]
[BlackElo "2358"]

1.d4 Nf6 2.c4 e6 3.Nf3 b6 4.g3 Ba6 5.b3 Bb4+ 6.Bd2 Be7 7.Bg2 c6 8.Bc3 d5
9.Nbd2 Nbd7 10.O-O O-O 11.Re1 c5 12.e4 dxe4 13.Ng5 cxd4 14.Bxd4 Bc5 15.Ndxe4 Bxd4
16.Qxd4 h6 17.Nxf6+ Nxf6 18.Nf3 Bb7 19.Rad1 Qe7 20.Qd6 Qxd6 21.Rxd6 Rfd8
22.Red1 Rxd6 23.Rxd6 Kf8 24.Ne5 Bxg2 25.Kxg2 Ke7 26.Rd3 Rc8 27.b4 Rc7 28.b5 Nd7
29.Nc6+ Kf6 30.Rf3+ Kg6 31.h4 f6 32.Ra3 Ne5 33.Nxe5+ fxe5 34.Kf3 Kf5 35.g4+ Kf6
36.Rc3 Rd7 37.Ke3 Rd4 38.f3 h5 39.gxh5 Rxh4 40.Ra3 Rxc4 41.Rxa7 Rb4 42.a4 Rb3+
43.Ke4 Rb4+ 44.Kd3 Rb3+ 45.Ke2 Rb2+ 46.Kd1 Ra2 47.Ra6 Kf5 48.Rxb6 Rxa4 49.Rb8 e4
50.b6 Ke5 51.b7 Rd4+ 52.Ke1 Rd7 53.f4+ Kd6 54.Ke2 Kc7 55.Re8 Kxb7 56.Rxe6 Rd5
57.Re5 Rxe5 58.fxe5 Kc6 59.Ke3 Kd5 60.Kf4 e3 61.Kxe3 Kxe5 62.h6 gxh6  1/2-1/2

[Event "TCh-BUL GpA Men"]
[Site "Albena BUL"]
[Date "2011.06.06"]
[Round "5.3"]
[White "Genov,Peta"]
[Black "Drenchev,P"]
[Result "1/2-1/2"]
[WhiteElo "2444"]
[BlackElo "2519"]

1.Nf3 Nf6 2.d4 e6 3.c4 b6 4.g3 Ba6 5.b3 Bb4+ 6.Bd2 Be7 7.Bg2 O-O 8.O-O c6
9.Bc3 d5 10.Ne5 Nfd7 11.Nxd7 Nxd7 12.Nd2 Rb8 13.a4 Nf6 14.e4 c5 15.exd5 exd5
16.Re1 Re8 17.Rc1 dxc4 18.Nxc4 Bxc4 19.bxc4 cxd4 20.Qxd4 Qxd4 21.Bxd4 Bb4
22.Rxe8+ Rxe8 23.Bxf6 gxf6 24.Bf3 Re1+ 25.Rxe1 Bxe1 26.Kf1 Bb4 27.Ke2 f5
28.g4 fxg4 29.Bxg4 Bd6 30.h3 a5 31.Kd3 Kg7  1/2-1/2

[Event "ch-Queensland"]
[Site "Gold Coast AUS"]
[Date "2011.06.12"]
[Round "6.1"]
[White "Liu,Yi"]
[Black "McClymont,Brodie"]
[Result "0-1"]
[WhiteElo "2011"]
[BlackElo "2042"]

1.d4 Nf6 2.Nf3 e6 3.c4 b6 4.g3 Ba6 5.Qc2 c5 6.Bg2 Nc6 7.Qa4 Qc8 8.Nc3 cxd4
9.Nb5 Bb7 10.e3 e5 11.exd4 a6 12.Nc3 Nxd4 13.Nd5 Bxd5 14.cxd5 Bb4+ 15.Kd1 b5
16.Nxd4 bxa4 17.Nc2 Qc4 18.Nxb4 Qxb4 19.Re1 O-O 20.Bd2 Qxb2 21.Rc1 Rac8 22.Rxe5 Rxc1+
23.Bxc1 Qxe5 24.f4 Qd4+ 25.Bd2 Rb8 26.Ke1 Rb2 27.Ba5 Qf2+ 28.Kd1  0-1

[Event "Voronezh Master Open"]
[Site "Voronezh RUS"]
[Date "2011.06.14"]
[Round "3.20"]
[White "Zenzera,A"]
[Black "Tunik,G"]
[Result "0-1"]
[WhiteElo "2217"]
[BlackElo "2427"]

1.d4 Nf6 2.Nf3 e6 3.c4 b6 4.g3 Ba6 5.b3 b5 6.cxb5 Bxb5 7.Bg2 Bc6 8.O-O Qc8
9.Nc3 Bb4 10.Qc2 Qb7 11.a3 Bxc3 12.Qxc3 Bd5 13.Bf4 Nc6 14.Bh3 Ne4 15.Qd3 Qxb3
16.Bxc7 Qxd3 17.exd3 Nc3 18.Bg2 Ke7 19.Rfe1 Rac8 20.Bf4 Bxf3 21.Bxf3 Nxd4
22.Bb7 Nc2 23.Bxc8 Rxc8 24.Kf1 Nxa1 25.Rxa1 Nd5 26.Bd2 Rb8 27.Ke2 Rb3 28.Bb4+ d6
29.Rc1 Kd7 30.Rc4 h5 31.Rd4 g5 32.h4 g4 33.Kd2 Rb2+ 34.Ke1 Nxb4 35.axb4 d5
36.Rf4 f5  0-1

[Event "4th Karen Asrian Memorial"]
[Site "Jermuk ARM"]
[Date "2011.06.17"]
[Round "2"]
[White "Turova,I"]
[Black "Kursova,M"]
[Result "1/2-1/2"]
[WhiteElo "2442"]
[BlackElo "2308"]

1.d4 Nf6 2.c4 e6 3.Nf3 b6 4.g3 Ba6 5.Qa4 Bb7 6.Bg2 Be7 7.O-O O-O 8.Bf4 c5
9.dxc5 bxc5 10.Nc3 a6 11.Rfd1 Qb6 12.Rab1 Rd8 13.a3 Nh5 14.Be3 Qc7 15.Qc2 Nf6
16.Bf4 d6 17.Ng5 Bxg2 18.Kxg2 Nbd7 19.Nge4 Nxe4 20.Qxe4 Nf6 21.Qf3 Rab8 22.Rd2 h6
23.g4 Rd7 24.Rbd1 Rbd8 25.h4 Nh7 26.Bg3 Qb6 27.e4 Nf8 28.Qe3 Qc6 29.f3 Bf6
30.Ne2 Be5 31.f4 Bf6 32.g5 hxg5 33.hxg5 Be7 34.Nc3 f5 35.Qf3 fxe4 36.Nxe4 Qb7
37.f5 exf5 38.Qxf5 Bxg5 39.Qd5+ Qxd5 40.Rxd5 Be3 41.Rxd6 Rxd6 42.Rxd6 Rxd6
43.Bxd6 Nd7 44.b4 cxb4 45.axb4 Kf7 46.Kf3 Bc1 47.c5 Ke6 48.c6 Nb6 49.Bf8 g5
50.Nc5+ Kd5 51.c7 Bf4 52.Nxa6 Kc6 53.Kg4  1/2-1/2

[Event "US Junior Championship"]
[Site "Saint Louis USA"]
[Date "2011.06.21"]
[Round "5"]
[White "Troff,Kayden W"]
[Black "Shen,V"]
[Result "0-1"]
[WhiteElo "2255"]
[BlackElo "2281"]

1.d4 Nf6 2.c4 e6 3.Nf3 b6 4.g3 Ba6 5.Qc2 Bb4+ 6.Bd2 Be7 7.e4 d5 8.cxd5 Bxf1
9.Kxf1 exd5 10.e5 Ne4 11.Nc3 Nxc3 12.Bxc3 Qd7 13.Kg2 Nc6 14.Rhd1 O-O 15.Nd2 f5
16.f4 Nd8 17.Nf1 Ne6 18.Ne3 g6 19.h4 h5 20.b4 Rfd8 21.Qb3 Kh7 22.b5 a6 23.a4 Bf8
24.Rdc1 axb5 25.axb5 Rxa1 26.Bxa1 Kg7 27.Bb2 Kf7 28.Rc6 Be7 29.Kf2 Bf8 30.Bc3 Be7
31.Qd1 Kg8 32.Qf3 Nf8 33.Ke2 Kg7 34.Kd3 Kg8 35.Qd1 Kg7 36.Qb3 Kf7 37.Qa2 Ne6
38.Qg2 Bf8 39.Qf3 Ng7 40.Qg2 Ne6 41.Qf3 Be7 42.Qd1 Ra8 43.Qb3 Rd8 44.Bb4 Bxb4
45.Qxb4 Ra8 46.Qb3 Rd8 47.Qa4 Qe8 48.Qa7 Qe7 49.Nc2 Kf8 50.Kc3 Kf7 51.Qa2 Kg7
52.Ne3 Nxd4 53.Rf6 Nxb5+ 54.Kd3 Qb4 55.Qa1 Qe4+ 56.Kd2 d4 57.Nd1 Nc3 58.Kc1 Qe2
59.Nf2 Qxf2 60.Qa7 Qe1+ 61.Kc2 Qb1+  0-1

[Event "4th Karen Asrian Memorial"]
[Site "Jermuk ARM"]
[Date "2011.06.22"]
[Round "7"]
[White "Petrosyan,M"]
[Black "Abrahamyan,T"]
[Result "1/2-1/2"]
[WhiteElo "2125"]
[BlackElo "2335"]

1.d4 Nf6 2.Nf3 e6 3.c4 b6 4.g3 Ba6 5.b3 Bb4+ 6.Bd2 Be7 7.Bg2 c6 8.Bc3 d5
9.Nbd2 Nbd7 10.O-O O-O 11.Re1 c5 12.Ne5 Rc8 13.e3 cxd4 14.exd4 Nxe5 15.dxe5 Nd7
16.Qg4 dxc4 17.b4 Qc7 18.Ne4 Nxe5 19.Bxe5 Qxe5 20.Nc5 Qxa1 21.Rxa1 bxc5 22.b5 Bxb5
23.Rb1 Ba6 24.Bf1 Rfd8 25.Qf3 Bf6 26.Qa3 Rd6 27.Qa4 g6 28.Bxc4 Bxc4 29.Qxc4 Bd4
30.Rb7 a6 31.a4 a5 32.Kg2 Rcc6 33.Rb5 e5 34.f3 e4 35.fxe4 Rf6 36.Qd5 Kg7
37.Rb8 Rb6 38.Rxb6 Rxb6 39.Qd8 Rb2+ 40.Kh1 Rb1+ 41.Kg2 Rb2+ 42.Kh1 Re2 43.Qxa5 Rxe4
44.Qb5 Bf6 45.a5 c4 46.Qb4 Rd4 47.Kg2 Rd5 48.a6 c3 49.Qa3 c2 50.a7 Rd8 51.Qc5 Ra8
52.Qxc2 Rxa7 53.Qb3 Rc7 54.Kf2 Rc3 55.Qa4 h5 56.Kg2 Rc5  1/2-1/2

[Event "49th National Challengers ch-IND"]
[Site "Aurangabad IND"]
[Date "2011.06.24"]
[Round "11"]
[White "Swapnil,SD"]
[Black "Sangma,R"]
[Result "1/2-1/2"]
[WhiteElo "2425"]
[BlackElo "2367"]

1.d4 Nf6 2.c4 e6 3.Nf3 b6 4.g3 Ba6 5.Qa4 Bb7 6.Bg2 c5 7.dxc5 bxc5 8.O-O Qb6
9.Nc3 Be7 10.Bf4 a6 11.Rfd1 O-O 12.Qb3 Qxb3 13.axb3 Rd8 14.Na4 d6 15.Nc3 h6
16.h3 Kf8 17.Ra4 Bc6 18.Ra3 Ra7 19.Rda1 Rb7 20.Bd2 Ne4 21.Nxe4 Bxe4 22.Bc3 d5
23.Ne1 Bf6 24.Nd3 Bxd3 25.exd3 Bxc3 26.bxc3 Rb6 27.cxd5 exd5 28.Ra5 Rxb3
29.Rxc5 d4 30.cxd4 Rxd3 31.d5 Nd7 32.Rc7 Nf6 33.Rxa6 Nxd5  1/2-1/2

[Event "ch-UAE"]
[Site "Abu Dhabi UAE"]
[Date "2011.06.25"]
[Round "1"]
[White "Esa,A H Almarazeeq"]
[Black "Khouri,I"]
[Result "0-1"]
[WhiteElo "1786"]
[BlackElo "2227"]

1.d4 Nf6 2.Nf3 e6 3.c4 b6 4.g3 Ba6 5.Qc2 c5 6.Bg2 Bb7 7.dxc5 bxc5 8.O-O Be7
9.Nc3 O-O 10.Bg5 Qb6 11.e4 d6 12.Rfe1 a6 13.Bxf6 Bxf6 14.e5 dxe5 15.Nxe5 Bxg2
16.Kxg2 Bxe5 17.Rxe5 Qb7+ 18.Kg1 Nc6 19.Re3 Nd4 20.Qe4 Qxe4 21.Rxe4 f5 22.Ree1 Nf3+
23.Kg2 Nxe1+ 24.Rxe1 Kf7 25.Re5 Rac8 26.Na4 Rfd8 27.Nxc5 Ke7 28.Nb3  0-1

[Event "35th ch-Gleisdorf"]
[Site "Gleisdorf AUT"]
[Date "2011.06.26"]
[Round "5"]
[White "Huber,Mart AUT"]
[Black "Kragelj,I"]
[Result "1/2-1/2"]
[WhiteElo "2071"]
[BlackElo "2221"]

1.d4 Nf6 2.c4 e6 3.Nf3 b6 4.g3 Ba6 5.b3 Bb4+ 6.Bd2 Be7 7.Bg2 c6 8.Bc3 d5
9.Nbd2 Nbd7 10.O-O O-O 11.e4 Nxe4 12.Nxe4 dxe4 13.Ne5 Nxe5 14.dxe5 b5 15.Bxe4 bxc4
16.Qe2 Qc7 17.bxc4 Rab8 18.Rab1 Rxb1 19.Rxb1 Rd8 20.h4 c5 21.Qc2 g6 22.Qa4 Qc8
23.Kh2 Kg7 24.Rb3 Rd7 25.Bg2 Bd8 26.Bc6 Rd3 27.Be1 Rd4 28.Bb5 Bxb5 29.Qxb5 Rd1
30.Re3 Be7 31.Qa4 Rd7 32.Ba5 Rd4 33.Bc3 Rd7 34.Qc2 Qc6 35.Re4 Qb7 36.Qe2 Qc6
37.h5 Rb7 38.Qe3 Kg8 39.hxg6 hxg6 40.Qe2 Rb1 41.Qc2 Rc1 42.Qxc1 Qxe4 43.Bb2 g5
44.a3 Kg7 45.Qc3  1/2-1/2

[Event "Kheireddine Ameyar Memorial"]
[Site "Tipaza ALG"]
[Date "2011.06.26"]
[Round "4"]
[White "Kaabi,M"]
[Black "Belouadah,S"]
[Result "0-1"]
[WhiteElo "2344"]
[BlackElo "2326"]

1.d4 Nf6 2.Nf3 e6 3.c4 b6 4.g3 Ba6 5.b3 Bb4+ 6.Bd2 Be7 7.Bg2 O-O 8.O-O d5
9.cxd5 exd5 10.Nc3 Nbd7 11.Ne5 Bb7 12.Rc1 a6 13.Bf4 c6 14.Qd3 b5 15.Rfd1 Re8
16.Rc2 Nf8 17.Nb1 Qb6 18.Rdc1 Ne6 19.Be3 Rec8 20.Bh3 a5 21.Nd2 Ba3 22.Rd1 Re8
23.f4 a4 24.Ndf3 Ne4 25.Ng5 N6xg5 26.fxg5 axb3 27.axb3 Re7 28.Ra1 b4 29.Bf4 Nxg5
30.Bxg5 Rxe5 31.Bf4 Ba6 32.Qd1 Rxe2 33.Rxe2 Bxe2 34.Qd2 Bf3 35.Re1 Be4 36.Bd6 Rd8
37.Bc5 Qb8 38.Rf1 h6 39.g4 Bg6 40.Bg2 Re8 41.Qf2 Qc8 42.Qf4 Qe6 43.g5 hxg5
44.Qxg5 Qe3+ 45.Qxe3 Rxe3 46.Rf3 Rxf3 47.Bxf3 Bc2 48.Bg4 Bxb3 49.Kf2 Bb2  0-1

[Event "ch-UAE"]
[Site "Abu Dhabi UAE"]
[Date "2011.06.28"]
[Round "4"]
[White "Ali,Ab"]
[Black "Khouri,A"]
[Result "0-1"]
[WhiteElo "2072"]
[BlackElo "2030"]

1.d4 Nf6 2.Nf3 e6 3.c4 b6 4.g3 Ba6 5.Qc2 c5 6.Bg2 Bb7 7.O-O Be7 8.dxc5 bxc5
9.Nc3 O-O 10.e4 d6 11.Rd1 Qb6 12.Bf4 Rd8 13.e5 dxe5 14.Rxd8+ Bxd8 15.Nxe5 Bxg2
16.Kxg2 Qb7+ 17.f3 Nc6 18.Nxc6 Qxc6 19.Rd1 Bc7 20.Bxc7 Qxc7 21.Qd2 h6 22.Nb5 Qb7
23.b3 a6 24.Nc3 Qb4 25.Ne4 Nxe4 26.Qxb4 cxb4 27.fxe4 Kf8 28.Rd7 a5 29.Rb7 Rd8
30.Kf3 Rd2 31.Rb5 Rxa2 32.c5 Rxh2 33.Rxa5 Rb2 34.Ke3 Rxb3+ 35.Kd4 Rxg3 36.Rb5 Rc3
37.Rxb4 Rc1 38.e5 g5 39.Rb8+ Kg7  0-1

[Event "V4 IM/WGM tournament Liptov 2011"]
[Site "Liptovsky Mikulas SVK"]
[Date "2011.06.29"]
[Round "9"]
[White "Caletka,R"]
[Black "Druska,J"]
[Result "0-1"]
[WhiteElo "2357"]
[BlackElo "2293"]

1.d4 e6 2.c4 b6 3.Nf3 Nf6 4.g3 Ba6 5.b3 c6 6.Bg2 d5 7.Ne5 Nbd7 8.O-O Nxe5
9.dxe5 Nd7 10.cxd5 cxd5 11.Bb2 Qc7 12.f4 Rc8 13.Nc3 Bb4 14.Rc1 Qc5+ 15.Kh1 Qa5
16.Rf3 Ba3 17.Bxa3 Qxa3 18.Rc2 O-O 19.Qd4 Qc5 20.e3 Qxd4 21.exd4 Rc7 22.Rd2 Rfc8
23.Nd1 Rc1 24.Rff2 Nb8 25.Bf3 Nc6 26.Kg2 Nb4 27.Be2 Bxe2 28.Rfxe2 Nxa2 29.Rxa2 Rxd1
30.Rxa7 Rxd4 31.f5 exf5 32.e6 Re4 33.exf7+ Kf8 34.Rd2 Re7 35.Rxe7 Kxe7 36.Rxd5 g6
37.f8=Q+ Rxf8 38.Kf3 Rd8 39.Re5+ Kd6 40.Re3 Rd7 41.Rc3 Rc7 42.Re3 Re7 43.Rc3 Rc7
44.Re3 b5 45.Kf4 Rc2 46.h4 b4 47.Rd3+ Kc5 48.Rd7 Rf2+ 49.Ke3 Rb2 50.Rc7+ Kd5
51.Rd7+ Kc5 52.Rc7+ Kb6 53.Rxh7 Rxb3+ 54.Kf4 Rc3 55.h5 gxh5 56.Rxh5 b3 57.Rh8 Rc7
58.Rh1 Rc5 59.Rb1 Rb5 60.Ra1 Rc5 61.Rb1 Rc3 62.Rg1 Rc5 63.Rb1 Rb5 64.Ra1 Kc6
65.Kg5 Kd6 66.Kf6 Rd5 67.Rb1 Rd3 68.Kxf5 Rxg3 69.Ke4 Kc5 70.Rc1+ Kb4 71.Rc8 b2
72.Rb8+ Kc3 73.Rb7 Kc2  0-1

[Event "Kheireddine Ameyar Memorial"]
[Site "Tipaza ALG"]
[Date "2011.06.29"]
[Round "7"]
[White "Savchenko,S"]
[Black "Arab,A"]
[Result "1-0"]
[WhiteElo "2508"]
[BlackElo "2430"]

1.d4 Nf6 2.c4 e6 3.Nf3 b6 4.g3 Ba6 5.Qc2 Bb7 6.Bg2 c5 7.d5 exd5 8.cxd5 Bxd5
9.Nc3 Bb7 10.Bf4 a6 11.e4 Be7 12.O-O-O Nc6 13.e5 Nh5 14.Be3 g6 15.Bh6 Nd4
16.Qd3 Bxf3 17.Bxf3 Bg5+ 18.Bxg5 Qxg5+ 19.Kb1 Nxf3 20.Qxf3 O-O 21.Rhe1 f6
22.Rxd7 fxe5 23.Qd5+ Kh8 24.Ne4 Qf5 25.g4  1-0

[Event "ch-UAE"]
[Site "Abu Dhabi UAE"]
[Date "2011.06.30"]
[Round "6"]
[White "Salem,AR"]
[Black "Al Marzouqi,A"]
[Result "1-0"]
[WhiteElo "2511"]
[BlackElo "1990"]

1.d4 Nf6 2.c4 e6 3.Nf3 b6 4.g3 Ba6 5.Qc2 Bb4+ 6.Nbd2 O-O 7.e4 d5 8.cxd5 Bxf1
9.Kxf1 exd5 10.e5 Bxd2 11.exf6 Bxc1 12.fxg7 Kxg7 13.Rxc1 Qf6 14.Kg2 Rc8 15.Rhe1 Nd7
16.Qc6 Qxc6 17.Rxc6 Nb8 18.Rc3 c5 19.dxc5 bxc5 20.Re5 Nc6 21.Rxd5 Nb4 22.Rg5+ Kf6
23.h3 Na6 24.Rc4  1-0

[Event "6th Dvorkovich Cup"]
[Site "Moscow RUS"]
[Date "2011.07.01"]
[Round "9.1"]
[White "Grigoryan,K2"]
[Black "Meribanov,V"]
[Result "1-0"]
[WhiteElo "2463"]
[BlackElo "2286"]

1.d4 Nf6 2.Nf3 e6 3.c4 b6 4.g3 Ba6 5.Nbd2 c5 6.Bg2 Bb7 7.Nb3 cxd4 8.O-O Be7
9.Nbxd4 O-O 10.b3 Nc6 11.Bb2 Nxd4 12.Qxd4 Qc7 13.Rfe1 Rfd8 14.e4 d6 15.Nd2 Ne8
16.Qd3 Bf6 17.Bxf6 Nxf6 18.h3 Rac8 19.Kh2 h6 20.f4 Ba6 21.Qe3 Qc5 22.Nf3 Bb7
23.Nd4 a6 24.Rac1 Qc7 25.b4 Qb8 26.Nb3 Qa8 27.a4 a5 28.bxa5 bxa5 29.Nd4 d5
30.e5 Nd7 31.Rb1 Rxc4 32.f5 exf5 33.e6 fxe6 34.Qxe6+ Kh8 35.Nxf5 Nf8 36.Qf7 Rd7
37.Re7 Rxe7 38.Qxe7  1-0

[Event "5th Dachsteinwelterbe Rapid"]
[Site "Obertraun AUT"]
[Date "2011.07.03"]
[Round "2"]
[White "Palac,M"]
[Black "Hardicsay,P"]
[Result "1-0"]
[WhiteElo "2592"]
[BlackElo "2268"]

1.d4 Nf6 2.c4 e6 3.Nf3 b6 4.g3 Ba6 5.Qb3 Nc6 6.Nbd2 Bb7 7.e4 Bb4 8.Bd3 a5
9.Qc2 Be7 10.a3 d6 11.b3 e5 12.Bb2 exd4 13.Nxd4 Nxd4 14.Bxd4 O-O  1-0

[Event "86th ch-Paris IdF"]
[Site "Paris FRA"]
[Date "2011.07.03"]
[Round "2.9"]
[White "Bernard,Ch1"]
[Black "Arun Prasad,S"]
[Result "0-1"]
[WhiteElo "2342"]
[BlackElo "2489"]

1.d4 Nf6 2.Nf3 e6 3.c4 b6 4.g3 Ba6 5.Qa4 Bb7 6.Bg2 c5 7.dxc5 bxc5 8.O-O Be7
9.Nc3 O-O 10.Rd1 Qb6 11.Bf4 d6 12.Rd2 h6 13.h3 e5 14.Be3 Nc6 15.Nh4 Nd4 16.Bxd4 exd4
17.Nf5 Rfe8 18.Nd5 Nxd5 19.Bxd5 Bf8 20.e4 Rxe4 21.Bxe4 Bxe4 22.g4 g6 23.Ng3 Bc6
24.Qc2 Bg7 25.Re1 Qd8 26.Rde2 Qh4 27.Kh2 Be5 28.Rxe5 dxe5 29.Rxe5 Qf6 30.Rxc5 Qf3
31.Rxc6 Qxc6 32.Qd3 Qd6 33.b4 Qxb4 34.Qxd4 Rc8 35.Qxa7 Qxc4 36.a4 Qc5 37.Qxc5 Rxc5
38.h4 Rc4 39.Kh3 Rf4 40.Nh1 Rxa4 41.f3 Kg7 42.Nf2 Kf6 43.Kg3 Rd4 44.Nh3 Ke5
45.Nf2 Rd6 46.Ne4 Ra6 47.Nf2 Ra3 48.Nh3 Rb3 49.Nf4 Kd4 50.Nh3 Ke3 51.g5 h5
52.Nf4 Rb5 53.Ng2+ Ke2 54.Nf4+ Kf1 55.Ng2 Rb3 56.Nf4 Ra3 57.Nd5 Rd3 58.Nf4 Rd4
59.Ng2 Ke2 60.Nf4+ Rxf4 61.Kxf4 Kf2 62.Ke5 Kg3 63.Kf6 Kxh4 64.f4 Kg4 65.Kxf7 Kf5  0-1

[Event "86th ch-Paris IdF"]
[Site "Paris FRA"]
[Date "2011.07.07"]
[Round "6.13"]
[White "Bossard,A"]
[Black "Roser,K"]
[Result "1/2-1/2"]
[WhiteElo "2212"]
[BlackElo "2446"]

1.d4 Nf6 2.c4 e6 3.Nf3 b6 4.g3 Ba6 5.Qc2 c6 6.Bg2 Be7 7.O-O d5 8.cxd5 cxd5
9.Nc3 O-O 10.Bf4 Nc6 11.Qa4 Bb7 12.Ne5 Nxe5 13.Bxe5 a6 14.Rac1 Rc8 15.Qb3 b5
16.a4 b4 17.Bxf6 gxf6 18.Na2 Qb6 19.e3 Bc6 20.Qd1 b3 21.Nc3 Bd7 22.Qh5 f5
23.g4 f4 24.Qh6 fxe3 25.fxe3 Qd8 26.Rf3 Bg5 27.Qh5 f6 28.Rcf1 Be8 29.Qh3 Qd6
30.Kh1 Bg6 31.Rg3 Rxc3 32.bxc3 b2 33.e4 dxe4 34.Re3 Bxe3 35.Qxe3 Rb8 36.Rb1 Qc6
37.h4 Rb3 38.Qd2 Qxc3 39.Qxc3 Rxc3 40.Rxb2 e3 41.d5 exd5 42.Bxd5+ Kg7 43.Kg2 Rd3
44.Bf3 Rd4 45.Re2 Rxa4 46.Rxe3 f5 47.gxf5 Bxf5 48.Re7+ Kf6 49.Ra7 a5 50.Kg3 Ke5
51.h5 Ra3 52.Re7+ Kf6 53.Re8 Kf7 54.Re5 Kf6 55.Re8 Rb3 56.Rf8+ Kg5 57.Rg8+ Kf6
58.Rf8+ Kg5 59.Rg8+ Kh6 60.Kf4 Bc2 61.Rc8 Rb4+ 62.Ke5 Bb1 63.Ra8 Rb5+ 64.Kf4 Rf5+
65.Kg3 Rc5 66.Bd1 Kg5 67.Rg8+ Kf6 68.Rb8 Bf5 69.Ra8 Rc3+ 70.Kf4 Rc4+ 71.Kg3 Rd4
72.Bf3 a4 73.Ra6+ Ke7 74.Kf2 Bc2 75.Ke3 Rd3+ 76.Ke2 Rd6 77.Ra7+ Kf6 78.Ra5 Ke7
79.Ke3 Rd3+ 80.Ke2 Rd4 81.Ke3 Rb4 82.Kd2 Bb3 83.Ra7+ Kf6 84.Rxh7 a3 85.Ra7 Ba4
86.Bd5 a2 87.Bxa2 Rb2+ 88.Kc3 Rxa2 89.Kb4 Rh2 90.Rxa4 Rh4+ 91.Kb3 Rxa4 92.Kxa4 Kg5  1/2-1/2

[Event "19th Klatovy Open"]
[Site "Klatovy CZE"]
[Date "2011.07.08"]
[Round "7"]
[White "Jurek,J"]
[Black "Vlasak,Lu"]
[Result "1/2-1/2"]
[WhiteElo "2324"]
[BlackElo "2308"]

1.d4 Nf6 2.c4 e6 3.Nf3 b6 4.g3 Ba6 5.Qc2 c5 6.d5 exd5 7.cxd5 Bb7 8.Bg2 Nxd5
9.O-O Be7 10.Rd1 Nc6 11.Qf5 Nf6 12.e4 g6 13.Qf4 O-O 14.e5 Nh5 15.Qg4 Ng7
16.Nc3 Ne6 17.Nd5 Nb4 18.Nxb4 cxb4 19.Bh6 Re8 20.Nd4 Bxg2 21.Nxe6 fxe6 22.Kxg2 Qc7
23.Rac1 Qb7+ 24.Qf3 Rab8 25.Rc2 Bc5 26.Qxb7 Rxb7 27.Rcd2 Re7 28.f4 Rf7 29.Kf3 Bf8
30.Bg5 Be7 31.Bh6 Bf8 32.Bg5 Be7 33.Rxd7 Bxg5 34.Rxb7 Rxb7 35.fxg5 Rc7 36.Rd8+ Kf7
37.Rh8 Kg7 38.Re8 Kf7 39.Rh8 Kg7  1/2-1/2

[Event "Open ch-SVK A"]
[Site "Banska Stiavnica SVK"]
[Date "2011.07.09"]
[Round "1"]
[White "Gbyl,A"]
[Black "Petenyi,T"]
[Result "1/2-1/2"]
[WhiteElo "2245"]
[BlackElo "2398"]

1.d4 Nf6 2.c4 e6 3.Nf3 b6 4.g3 Ba6 5.b3 Bb4+ 6.Bd2 Be7 7.Bg2 c6 8.Bc3 O-O
9.O-O d5 10.Nbd2 Nbd7 11.Ne5 Nxe5 12.dxe5 Nd7 13.Qc2 b5 14.Rfd1 bxc4 15.bxc4 Nb6
16.Ba5 Qb8 17.Bxb6 Qxb6 18.Rab1 Qa5 19.Nb3 Qa3 20.cxd5 cxd5 21.e4 Rac8 22.Qd2 dxe4
23.Bxe4 Bb4 24.Qe3 Bc4 25.Nd4 Qxe3 26.fxe3 Bc5 27.a4 g6 28.a5 Rfd8 29.Kf2 Bd5
30.Kf3 Bxd4 31.Rxd4 Rc5 32.a6 Bxe4+ 33.Kxe4 Rxd4+ 34.exd4 Ra5 35.Rb8+ Kg7
36.Rb7 Rxa6 37.d5 exd5+ 38.Kxd5 h6 39.h4 h5 40.Rc7 Kf8 41.Rc8+ Ke7 42.Rc7+ Ke8
43.Rb7 Ra5+ 44.Kd6 Ra6+ 45.Kd5 Ra1 46.Rb8+ Ke7 47.Rb7+ Kf8 48.Rb8+ Kg7 49.Rb7 Rd1+
50.Kc6 Re1 51.Kd5 a5 52.Ra7 Rd1+ 53.Kc6 Kf8 54.Rxa5 Ke7 55.Rd5 Rg1 56.Rd3 Ke6
57.Re3 Rc1+ 58.Kb6 Kd5 59.Kb7 Rc4 60.Kb6 Re4 61.Rf3 Rxe5 62.Kc7 Ke6 63.Kd8 Re4
64.Ke8 f5 65.Kf8 f4 66.gxf4 Kf5 67.Kg7 Rxf4 68.Ra3 Rg4 69.Rf3+ Rf4 70.Ra3 Re4
71.Ra5+ Kg4 72.Kxg6 Re6+ 73.Kf7 Re4 74.Kg6 Kxh4 75.Rxh5+ Kg3 76.Rg5+ Rg4
77.Rxg4+ Kxg4  1/2-1/2